Pays Champions du Monde de Hockey sur Gazon (Mort subite) - Statistiques

Statistiques générales
  • Ce quiz a été pris 70 fois
  • Le résultat moyen est 3 sur 6
Answers on the Grid
Answers color-coded by a green-red scale on the quiz's grid according to % correct below.
Pakistan
Pays-Bas
Australie
Allemagne
Inde
Belgique
Espagne
Angleterre
Argentine
Corée du Sud
Kenya
Malaisie
URSS
France
Portugal
Japon
Brésil
Nouvelle-Zélande
Suisse
Etats-Unis
 
Statistiques - réponses
Réponse % Correct
Belgique
62%
Inde
62%
Pays-Bas
57%
Australie
49%
Allemagne
46%
Pakistan
46%
Aucun quiz correspondant
Distribution des résultats
% des personnes avec chaque résultat
Percentile par nombre de réponses
Votre historique - résultats
Vous n’avez pas pris ce quiz